[Event "IECC CL5-1999.04"]
[Site "IECC email"]
[Date "1999.01.17"]
[Round "?"]
[White "Assarsjo, Ingemar"]
[Black "Dobrin, Doron"]
[Result "0-1"]
[WhiteElo "1569"]
[BlackElo "1552"]
[PlyCount "78"]
[EventDate "1999.??.??"]
[EventType "tourn (corr)"]
[EventRounds "4"]
[SourceTitle "Corr 2008"]
[Source "ChessBase"]
[SourceDate "2008.06.24"]
[SourceVersion "1"]
[SourceVersionDate "2008.06.24"]
[SourceQuality "1"]

1. e4 e5 2. Nf3 Nf6 3. Nxe5 d6 4. Nf3 Nxe4 5. Qe2 Qe7 6. d3 Nf6 7. Bg5 Nbd7 8. Nc3 Qxe2+ 9. Bxe2 h6 10. Bh4 g5 11. Bg3 Nb6 12. h3 Bg7 13. 0-0-0 Nh5 14. Bh2 Bxc3 15. bxc3 Nf6 16. Nd4 Bd7 17. c4 Na4 18. Kd2 0-0 19. f4 Rae8 20. g4 Nc5 21. Rdf1 Kg7 22. Bg3 Nce4+ 23. dxe4 Nxe4+ 24. Kd1 Nxg3 25. fxg5 hxg5 26. Bf3 c6 27. Rfg1 Nxh1 28. Rxh1 Re3 29. Kd2 Rfe8 30. Rf1 Ra3 31. Rb1 c5 32. Nb3 Rh8 33. Bg2 Bc6 34. Bf1 Rxa2 35. Re1 a5 36. Kc3 Re8 37. Rd1 Re3+ 38. Rd3 Re1 39. Nd2 Rc1 0-1

[Event "IECC CL5-1999.04"]
[Site "IECC email"]
[Date "1999.01.17"]
[Round "?"]
[White "Foster, Duncan"]
[Black "Dobrin, Doron"]
[Result "0-1"]
[WhiteElo "1586"]
[BlackElo "1520"]
[PlyCount "50"]
[EventDate "1999.??.??"]
[EventType "tourn (corr)"]
[EventRounds "4"]
[SourceTitle "Corr 2008"]
[Source "ChessBase"]
[SourceDate "2008.06.24"]
[SourceVersion "1"]
[SourceVersionDate "2008.06.24"]
[SourceQuality "1"]

1. d4 Nf6 2. Bg5 g6 3. Bxf6 exf6 4. e4 d5 5. exd5 Qxd5 6. Nf3 Bg4 7. Be2 Nc6 8. c3 0-0-0 9. 0-0 Bd6 10. Nbd2 h5 11. Bc4 Qf5 12. Qa4 h4 13. h3 Bxh3 14. gxh3 Qxh3 15. Rfe1 Rh5 16. Bxf7 Bh2+ 17. Kh1 Bf4+ 18. Kg1 Ne5 19. Qxa7 Nxf3+ 20. Nxf3 Bh2+ 21. Kh1 Qxf3+ 22. Kxh2 Qxf2+ 23. Kh1 Qf3+ 24. Kh2 Qg3+ 25. Kh1 Qh3+ 0-1

[Event "IECC Swiss email"]
[Site "IECC email"]
[Date "1998.11.27"]
[Round "2"]
[White "Weggen, Rick HM"]
[Black "Dobrin, Doron"]
[Result "1/2-1/2"]
[WhiteElo "1605"]
[BlackElo "1510"]
[PlyCount "48"]
[EventDate "1998.??.??"]
[EventType "tourn (corr)"]
[EventRounds "6"]
[SourceTitle "Corr 2008"]
[Source "ChessBase"]
[SourceDate "2008.06.24"]
[SourceVersion "1"]
[SourceVersionDate "2008.06.24"]
[SourceQuality "1"]

1. d4 Nf6 2. Nf3 g6 3. Bg5 Bg7 4. e3 0-0 5. Bd3 d6 6. 0-0 Nbd7 7. c3 c5 8. Nbd2 b6 9. Qc2 Bb7 10. Rad1 h6 11. Bh4 Rc8 12. h3 cxd4 13. exd4 Qc7 14. Rfe1 e5 15. Qa4 Rfe8 16. Bb5 Bc6 17. Bxc6 Qxc6 18. Qxc6 Rxc6 19. dxe5 dxe5 20. Bxf6 Nxf6 21. Rxe5 Rxe5 22. Nxe5 Rd6 23. Nec4 Rd7 24. Ne3 Bf8 1/2-1/2

[Event "IECC Swiss email"]
[Site "IECC email"]
[Date "1998.10.20"]
[Round "?"]
[White "Kanios, Michal"]
[Black "Dobrin, Doron"]
[Result "1/2-1/2"]
[WhiteElo "1101"]
[BlackElo "1483"]
[PlyCount "53"]
[EventDate "1998.??.??"]
[EventType "tourn (corr)"]
[EventRounds "6"]
[SourceTitle "Corr 2008"]
[Source "ChessBase"]
[SourceDate "2008.06.24"]
[SourceVersion "1"]
[SourceVersionDate "2008.06.24"]
[SourceQuality "1"]

1. d4 d5 2. c4 dxc4 3. Nf3 Nf6 4. Nc3 c5 5. e3 e6 6. Bxc4 a6 7. dxc5 Qxd1+ 8. Kxd1 Bxc5 9. Bd3 Nc6 10. Bd2 0-0 11. Rc1 Nb4 12. Bb1 Rd8 13. Ke2 Be7 14. Na4 Bd7 15. Nb6 Bb5+ 16. Nc4 Nc6 17. Rhd1 e5 18. Ke1 e4 19. Ng5 Bxc4 20. Rxc4 Ne5 21. Rd4 Nd3+ 22. Bxd3 exd3 23. Nf3 Rxd4 24. exd4 Rc8 25. Bc3 Nd5 26. Kd2 Bb4 27. Kxd3 1/2-1/2

[Event "IECC Trio 613 email"]
[Site "IECC email"]
[Date "1998.09.11"]
[Round "?"]
[White "Van der Merwe, Francois"]
[Black "Dobrin, Doron"]
[Result "0-1"]
[WhiteElo "1344"]
[BlackElo "1470"]
[PlyCount "68"]
[EventDate "1998.??.??"]
[EventType "tourn (corr)"]
[EventRounds "4"]
[SourceTitle "Corr 2008"]
[Source "ChessBase"]
[SourceDate "2008.06.24"]
[SourceVersion "1"]
[SourceVersionDate "2008.06.24"]
[SourceQuality "1"]

1. e4 e5 2. Nf3 Nf6 3. d3 Nc6 4. Bg5 Bc5 5. Be2 h6 6. Bh4 g5 7. Bg3 d6 8. Nc3 a6 9. a3 Be6 10. Qd2 g4 11. Nh4 Nd4 12. 0-0-0 Bb3 13. h3 Bxc2 14. Rdf1 Nb3+ 15. Kxc2 Nxd2 16. Kxd2 Nh5 17. Nf5 Nxg3 18. Nxg3 gxh3 19. Rxh3 Qg5+ 20. Kd1 0-0-0 21. Nd5 c6 22. Nc3 d5 23. Rh5 Qf6 24. Nf5 Rhg8 25. Rxh6 Rg6 26. Rfh1 Bxf2 27. Rxg6 fxg6 28. Rh6 Bc5 29. Bg4 Kb8 30. Bh5 Qg5 31. Bxg6 Qxg2 32. exd5 Bf8 33. Nh4 Qg4+ 34. Ne2 Bxh6 0-1

[Event "IECC P email"]
[Site "IECC email"]
[Date "1998.05.16"]
[Round "?"]
[White "Dobrin, Doron"]
[Black "Da Silva, David"]
[Result "1/2-1/2"]
[WhiteElo "1395"]
[BlackElo "1799"]
[PlyCount "43"]
[EventDate "1998.??.??"]
[EventType "tourn (corr)"]
[EventRounds "6"]
[SourceTitle "Corr 2008"]
[Source "ChessBase"]
[SourceDate "2008.06.24"]
[SourceVersion "1"]
[SourceVersionDate "2008.06.24"]
[SourceQuality "1"]

1. d4 d5 2. c4 e6 3. Nc3 Nf6 4. Bg5 Be7 5. e3 0-0 6. Nf3 h6 7. Bh4 b6 8. Be2 Bb7 9. Bxf6 Bxf6 10. cxd5 exd5 11. 0-0 Qe7 12. Qb3 Rd8 13. Rac1 c6 14. Bd3 Na6 15. Rfe1 Nc7 16. e4 dxe4 17. Bxe4 Qd7 18. Ne5 Bxe5 19. dxe5 Qe7 20. Rcd1 Ne6 21. Qc4 Rxd1 22. Rxd1 1/2-1/2